Ensayo de una fiel descripción de la Republica de México (Record no. 1320)

MARC details
000 -CABECERA
campo de control de longitud fija 01118nam a2200241 a 4500
001 - NÚMERO DE CONTROL
campo de control BRCA_1458
005 - FECHA Y HORA DE LA ÚLTIMA TRANSACCIÓN
campo de control 20190320203434.0
008 - DATOS DE LONGITUD FIJA--INFORMACIÓN GENERAL
campo de control de longitud fija 070905s1993----mx-#---###---#000-0#spa-#
020 ## - NÚMERO INTERNACIONAL ESTÁNDAR DEL LIBRO
Número Internacional Estándar del Libro 9686120262 (Obra completa)
050 #4 - SIGNATURA TOPOGRÁFICA DE LA BIBLIOTECA DEL CONGRESO
Número de clasificación F1201
Número de documento/Ítem .M84 1993
100 1# - ENTRADA PRINCIPAL--NOMBRE DE PERSONA
Nombre de persona Mühlenpfordt, Eduard
9 (RLIN) 4770
245 10 - MENCIÓN DE TÍTULO
Título Ensayo de una fiel descripción de la Republica de México
Resto del título referido especialmente a su geografía, etnografía y estadística
Mención de responsabilidad, etc. Eduard Mühlenpfordt ; traducción y nota preliminar de Jose Enrique Covarrubias ; edición a cargo de Teresa Segovia.
260 ## - PUBLICACIÓN, DISTRIBUCIÓN, ETC.
Lugar de publicación, distribución, etc. México
Nombre del editor, distribuidor, etc. Banco de México
Fecha de publicación, distribución, etc. 1993
300 ## - DESCRIPCIÓN FÍSICA
Extensión 2 v.
Dimensiones 21 cm.
500 ## - NOTA GENERAL
Nota general Facsímil de: Versuch einer getreven schilderung der Repúblik Mexico. Hannover : Verlag von C.F. Kius, 1844
500 ## - NOTA GENERAL
Nota general 2do. ejemplar en el Área de Investigación
505 0# - NOTA DE CONTENIDO CON FORMATO
Nota de contenido con formato Contenido: v.1. Visión general del país. -- v.2. Descripción de cada uno de los Estados
651 #4 - PUNTO DE ACCESO ADICIONAL DE MATERIA--NOMBRE GEOGRÁFICO
Nombre geográfico México
Subdivisión general Descripción y viajes
9 (RLIN) 103
653 0# - TÉRMINO DE INDIZACIÓN--NO CONTROLADO
Término no controlado Viajeros extranjeros en México
700 1# - PUNTO DE ACCESO ADICIONAL--NOMBRE DE PERSONA
Nombre de persona Segovia, Teresa
9 (RLIN) 4771
700 1# - PUNTO DE ACCESO ADICIONAL--NOMBRE DE PERSONA
Nombre de persona Covarrubias, Jose Enrique
9 (RLIN) 4772
942 ## - ELEMENTOS DE PUNTO DE ACCESO ADICIONAL (KOHA)
Fuente del sistema de clasificación o colocación Library of Congress Classification
Tipo de ítem Koha Libros
Holdings
Estado de retiro Estado de pérdida Estado dañado No para préstamo Localización permanente Ubicación/localización actual Fecha de adquisición Total de préstamos Signatura topográfica completa Código de barras Fecha visto por última vez Precio válido a partir de Tipo de ítem Koha Código de colección
El ejemplar forma parte de la colección y puede ser consultado según las políticas vigentes.       Biblioteca del Museo Franz Mayer (Rogerio Casas-Alatriste) Biblioteca del Museo Franz Mayer (Rogerio Casas-Alatriste) 26/06/2008   F1201 .M84 1993 01985 22/03/2019 22/03/2019 Libros  
El ejemplar forma parte de la colección y puede ser consultado según las políticas vigentes.       Biblioteca del Museo Franz Mayer (Rogerio Casas-Alatriste) Biblioteca del Museo Franz Mayer (Rogerio Casas-Alatriste) 04/11/2010   F1201 .M84 1993 01986 22/03/2019 22/03/2019 Libros Acervo General
El ejemplar forma parte de la colección y puede ser consultado según las políticas vigentes.       Biblioteca del Museo Franz Mayer (Rogerio Casas-Alatriste) Biblioteca del Museo Franz Mayer (Rogerio Casas-Alatriste) 02/02/2012   F1201 .M84 1993 02618 22/03/2019 22/03/2019 Libros Acervo General
El ejemplar forma parte de la colección y puede ser consultado según las políticas vigentes.       Biblioteca del Museo Franz Mayer (Rogerio Casas-Alatriste) Biblioteca del Museo Franz Mayer (Rogerio Casas-Alatriste) 02/02/2012   F1201 .M84 1993 02619 22/03/2019 22/03/2019 Libros Acervo General